000 00970nam a2200277 i 4500
001 90287
003 ES-MaACL
005 20250830111225.0
007 t|
008 050119s1966 it ||||1| lat d
017 _aNA 743-1966
_bOficina Depósito Legal Navarra
080 _a348.17
110 2 _aIglesia Católica
_eisb
_94639
245 1 0 _aLeges Ecclesiae post Codicem juris canonici editae /
_ccollegit, digessit, notisque ornavit Xaverius Ochoa
260 _aRoma :
_bCommentarium pro Religiosis,
_c1966
300 _a1 volumen ;
_c31 cm
505 0 _aVol. I. Leges annis 1917-1941 editae. CI p., 2104 col.
650 7 _aDerecho canónico
_2embne
_911655
655 0 _aLegislación
_9226283
700 1 _aOchoa, Javier
_ered
_986485
710 2 _aInstitutum Juridicum Claretianum (Roma)
_eedt
_95257
852 _aES-MaACL
_bR.62378
_cDEPO2
_jP-1137
942 _2udc
_cMONOGRAFIA
_n0
999 _c90287
_d90287